• 首页
  • 本馆介绍
  • 公告通知
  • 最新文献
  • 馆藏检索
  • 电子资源
  • 读者导购
  • 参考咨询
  • 我的图书馆
  • 登录
  • 详细信息显示
  • 放入我的书架
  • 预约/预借图书
  • 作者相关作品
  • 分类相关作品
  • 丛书相关作品
  • 出版社相关作品

书目信息

  • 表格格式
  • 工作单格式
  • 卡片格式
题名:
用Access构造WWW应用环境
    
 
作者: 王立丰 编著
分册:  
出版信息: 北京   人民邮电出版社  1998
页数: 295页
开本: 26cm
丛书名: 计算机网络应用及开发系列丛书
单 册:
中图分类: TP312AC
科图分类:
主题词: 数据库管理系统--计算机网络
电子资源:
ISBN: 7-115-07317-1
000 00802nam2 2200265 450
001 0100700530
005 20101202134821.0
010    @a7-115-07317-1@dCNY29.00
011    @a7-115-07317-1
100    @a20021005d1998 em y0chiy0110 ea
101 0  @achi
102    @aCN@b110000
105    @ay z 000yy
106    @ar
200 1  @a用Access构造WWW应用环境@9Yong A c c e s s Gou Zao W W W Ying Yong Huan Jing @f王立丰编著@b专著
210    @a北京@c人民邮电出版社@d1998
215    @a295页@d26cm
225 2  @a计算机网络应用及开发系列丛书
410  0 @12001 @a计算机网络应用及开发系列丛书
606 0  @a数据库管理系统@x计算机网络
610 0  @aAccess@aWWW
690    @aTP312AC@v3
701  0 @a王立丰@9wang li feng@4编著
801  0 @aCN@bAiZhiMarc@c19990330
905    @aBZT@dTP312AC@e2@f1@sTP312AC/2
    
    用Access构造WWW应用环境/王立丰编著.-北京:人民邮电出版社,1998
    295页;26cm.-(计算机网络应用及开发系列丛书)
    
    
    ISBN 7-115-07317-1:CNY29.00
    
●
相关链接 在五车中查询图书 在当当中查询图书 在豆瓣中查询图书


正题名:用Access构造WWW应用环境     索取号:TP312AC/2         预约/预借

序号 登录号 条形码 馆藏地/架位号 状态 备注
1 2000039000   2000039000   旧书回溯/ [索取号:TP312AC/2] 在馆    
山东省滨州职业学院图书馆 欢迎您!
大连网信软件有限公司© 版权所有